000 00486nam a2200169Ia 4500
005 20250317125140.0
008 008 250317s9999 xx 000 0 eng d
037 _aTextbook
040 _aFMSL
_beng
_cFMSL
041 _aeng
_2eng
084 _aX8(A):8.42 M2
_qFMSL
100 _aChmae K
_9743557
245 0 _aMind of teh strategist
260 _aNew York
_bNew York, Penguin books ltd.
_c1982
942 _cTB
_hX8(A):8.42 M2
999 _c1258213
_d1258213